Central Library OPAC University of Rajshahi

The metres of English poetry / (Record no. 77161)

MARC details
000 -LEADER
fixed length control field 00783nam a2200265 a 4500
001 - CONTROL NUMBER
control field 77161
003 - CONTROL NUMBER IDENTIFIER
rucl marc code BD-RjUL
005 - DATE AND TIME OF LATEST TRANSACTION
control field 20211209082931.0
008 - FIXED-LENGTH DATA ELEMENTS--GENERAL INFORMATION
fixed length control field 200227r19541930enka b 001 0 eng
035 ## - SYSTEM CONTROL NUMBER
System control number (BD-RjUL)77385
040 ## - CATALOGING SOURCE
Original cataloging agency DLC
Transcribing agency OOrrW
Modifying agency OOrrW
-- OCoLC
-- DLC
-- BD-RjUL
Language of cataloging eng
041 ## - LANGUAGE CODE
Language code of text/sound track or separate title eng
082 ## - DEWEY DECIMAL CLASSIFICATION NUMBER
Edition number 23
Classification number 821.09
Author mark and year HAM 1954
100 1# - MAIN ENTRY--PERSONAL NAME
Personal name Hamer, Enid.
9 (RLIN) 240030
245 14 - TITLE STATEMENT
Title The metres of English poetry /
Statement of responsibility, etc. by Enid Hamer.
250 ## - EDITION STATEMENT
Edition statement 4th ed.
260 ## - PUBLICATION, DISTRIBUTION, ETC. (IMPRINT)
Place of publication, distribution, etc. London :
Name of publisher, distributor, etc. Methuen,
Date of publication, distribution, etc. 1930, [reprinted 1951,1954]
300 ## - PHYSICAL DESCRIPTION
Pagination xi, 340 p.
Illustrations 20 cm.
504 ## - BIBLIOGRAPHY, ETC. NOTE
Bibliography, etc "List of texts and editions": p. 327-334.
650 #0 - SUBJECT ADDED ENTRY--TOPICAL TERM
Topical term or geographic name as entry element English language
General subdivision Versification.
9 (RLIN) 240031
Topical term or geographic name as entry element Sonnets, English
9 (RLIN) 240032
942 ## - ADDED ENTRY ELEMENTS (KOHA)
Source of classification or shelving scheme Dewey Decimal Classification
Koha item type Books
Holdings
Lost status Source of classification or shelving scheme Damaged status Not for loan Collection code Permanent Location Current Location Shelving location Date acquired Total Checkouts Full call number Date last seen Copy number Koha item type
  Dewey Decimal Classification   Not For Loan Non-fiction Central Library, University of Rajshahi Central Library, University of Rajshahi Reading Room 27/02/2020   821.09 HAM 1954 27/02/2020 C-1 Books